Harry potter sweets Quiz Stats

Quiz not verified by Sporcle

Challenge
Share
Tweet
Embed
Score 0/9 Timer 01:00
0 Plays Today
% Correct
chocolate frogs
79.3%
Bertie botts
58.6%
acid pops
24.1%
cauldron cake
17.2%
Edible dark mark
10.3%
skiving snackbox
10.3%
fizzing wheezbees
6.9%
licorice snaps
3.4%
ton tounge toffe
3.4%

You're not logged in!

Compare scores with friends on all Sporcle quizzes.
Join for Free
OR
Log In

You Might Also Like...

Show Comments

Extras

Top Quizzes Today


Score Distribution

Your Account Isn't Verified!

In order to create a playlist on Sporcle, you need to verify the email address you used during registration. Go to your Sporcle Settings to finish the process.

Report this User

Report this user for behavior that violates our Community Guidelines.

Details: